000 00585cab a2200229 4500
001 A216
008 090401t1983 xxu||||| |||| 00| 0 eng d
035 _a(Sirsi) u27828
041 _aeng
100 _aRatcliffe, John
245 4 _aThe valuation of development properties
260 _c1983
350 _a0
490 _aJournal of Valuation
_v1(1) 1983, 24-31(8)
650 _aDEVELOPMENT APPRAISAL
650 _aDEVELOPMENT VALUATION
650 _aRESIDUAL METHOD
650 _aVALUATION METHODS
690 _aRATING AND VALUATION
942 _n0
948 _c04/03/1997
999 _c18754
_d18754